000 00300 a2200121 4500
000 nam a22 7a 4500
005 20260121143528.0
020 _a9781119217718
100 _aHinga, Bethany D.
_9997208
245 _aEarth's Natural Hazards and Disasters
260 _bWiley
_c2024
942 _cTEXL
999 _c1564097
_d1564097